Understanding intellectual property law (Record no. 1981)
| 000 -LEADER | |
|---|---|
| fixed length control field | 00846nam a22002537a 4500 |
| 003 - CONTROL NUMBER IDENTIFIER | |
| control field | OSt |
| 005 - DATE AND TIME OF LATEST TRANSACTION | |
| control field | 20151103124345.0 |
| 008 - FIXED-LENGTH DATA ELEMENTS--GENERAL INFORMATION | |
| fixed length control field | 151103b xxu||||| |||| 00| 0 eng d |
| 020 ## - INTERNATIONAL STANDARD BOOK NUMBER | |
| International Standard Book Number | 9781632809636 |
| 050 ## - LIBRARY OF CONGRESS CALL NUMBER | |
| Classification number | KF2979 .C478 2015 |
| 100 ## - MAIN ENTRY--PERSONAL NAME | |
| Personal name | Chisum, Donald S. |
| 245 ## - TITLE STATEMENT | |
| Title | Understanding intellectual property law |
| Statement of responsibility, etc | Donald S. Chisum, Tyler T. Ochoa, Shubha Ghosh, Mary LaFrance |
| 250 ## - EDITION STATEMENT | |
| Edition statement | 3rd ed. |
| 260 ## - PUBLICATION, DISTRIBUTION, ETC. (IMPRINT) | |
| Place of publication, distribution, etc | New Providence, N.J |
| Name of publisher, distributor, etc | LexisNexis |
| Date of publication, distribution, etc | 2015 |
| 300 ## - PHYSICAL DESCRIPTION | |
| Extent | xxxiii, 800, 13 pages |
| Dimensions | 25 cm. |
| 440 ## - SERIES STATEMENT/ADDED ENTRY--TITLE | |
| Title | The understanding series |
| 504 ## - BIBLIOGRAPHY, ETC. NOTE | |
| Bibliography, etc | Includes index. |
| 505 ## - FORMATTED CONTENTS NOTE | |
| Formatted contents note | Patents -- Trade secrets law -- Copyright -- Trademarks -- Other intellectual property rights. |
| 650 ## - SUBJECT ADDED ENTRY--TOPICAL TERM | |
| Topical term or geographic name as entry element | Intellectual property--United States. |
| 700 ## - ADDED ENTRY--PERSONAL NAME | |
| Personal name | Ochoa, Tyler T |
| 700 ## - ADDED ENTRY--PERSONAL NAME | |
| Personal name | Ghosh, Shubha |
| 700 ## - ADDED ENTRY--PERSONAL NAME | |
| Personal name | LaFrance, Mary |
| 942 ## - ADDED ENTRY ELEMENTS (KOHA) | |
| Source of classification or shelving scheme | |
| Koha item type | Book |
| Withdrawn status | Lost status | Source of classification or shelving scheme | Damaged status | Not for loan | Home library | Current library | Shelving location | Date acquired | Total Checkouts | Total Renewals | Full call number | Barcode | Date last seen | Date checked out | Copy number | Price effective from | Koha item type |
|---|---|---|---|---|---|---|---|---|---|---|---|---|---|---|---|---|---|
| Riara University Library | Riara University Library | General stack | 03/11/2015 | 13 | 4 | KF2979 .C478 2015 | 6630/15 | 14/01/2026 | 18/12/2025 | C.1 | 03/11/2015 | Book | |||||
| Riara University Library | Riara University Library | General stack | 03/11/2015 | 10 | 1 | KF2979 .C478 2015 | 6631/15 | 09/09/2019 | 09/09/2019 | C.2 | 03/11/2015 | Book |
